| 000 | 00431nam a2200181Ia 4500 | ||
|---|---|---|---|
| 001 | 3090 | ||
| 005 | 20260306144855.0 | ||
| 008 | 260306t1995||||xx |||||||||||||| ||spa|| | ||
| 041 | _aESP | ||
| 082 |
_a250.253 _bG41 |
||
| 100 |
_aGhirlanda, Gianfranco _eAUT |
||
| 245 | 0 | _aIntroducción al derecho eclesial | |
| 260 | _c1995 | ||
| 300 |
_a183 páginas : _c23 cm. |
||
| 650 | _aGEN | ||
| 654 | _aCHU | ||
| 942 |
_cLIB _dJUS _fJUS _2ddc _n |
||
| 999 |
_c3090 _d3090 |
||